Szüneti tanfolyamok Páris [!Párizs] — Marburg — Genf — Neufchâtel /

Elmentve itt :
Bibliográfiai részletek
Szerző: Téri József
Dokumentumtípus: Cikk
Megjelent: 1898
Sorozat:Magyar pedagógia : a Magyar Tudományos Akadémia Pedagógiai Bizottságának folyóirata 7
Kulcsszavak:Nyári tanfolyamok beszámoló 1898, Szünidei tanfolyamok
Online Access:http://misc.bibl.u-szeged.hu/7431
LEADER 00727nab a2200181 i 4500
001 misc7431
005 20191106144220.0
008 170607s1898 hu o 0|| hun d
022 |a 0025-0260 
040 |a SZTE Miscellanea Repozitórium  |b hun 
041 |a hun 
100 1 |a Téri József 
245 1 0 |a Szüneti tanfolyamok   |h [elektronikus dokumentum] :  |b Páris [!Párizs] — Marburg — Genf — Neufchâtel /  |c  Téri József 
260 |c 1898 
300 |a 430-432 
490 0 |a Magyar pedagógia : a Magyar Tudományos Akadémia Pedagógiai Bizottságának folyóirata  |v 7 
695 |a Nyári tanfolyamok beszámoló 1898, Szünidei tanfolyamok 
856 4 0 |u http://misc.bibl.u-szeged.hu/7431/1/mp_1898_0552_430-432.pdf  |z Dokumentum-elérés